Statystyki dla Który kraj ma większą powierzchnie

Kliknij tutaj aby rozwiązać quiz!

Ogólne statystyki

  • Ten quiz został rozwiązany 69 razy
  • Średni wynik to 10 z 15

Statystyki odpowiedzi

ZagadnienieOdpowiedź% Poprawnych
Litwa czy czechyCzechy
93%
Bułgaria czy ŁotwaBułgaria
91%
Liechtenstein czy LuksemburgLuksemburg
84%
Indie czy ArgentynaIndie
83%
Kanada czy UsaKanada
78%
Kamerun czy HiszpaniaHiszpania
72%
Australia czy BrazyliaBrazylia
64%
Polska czy WłochyPolska
64%
Mołdawia czy ArmeniaMołdawia
60%
Peru czy KolumbiPeru
57%
Tunezja czy PortugaliaTunezja
55%
Uzbekistan czy TurkmenistanTurkmenistan
47%
Andora czy maltaAndora
41%
Tadżykistan czy KirgistanKirgistan
38%
Chile czy BoliwiaBoliwia
28%

Rozkład punktacji

Percentyl według liczby udzielonych odpowiedzi

Procent ludzi z każdym wynikiem

Twoja historia wyników

Nie rozwiązałeś tego quizu